| 000 | 00442nam a2200169Ia 4500 | ||
|---|---|---|---|
| 008 | 180921t2017 xxu||||| |||| 00| 1 sin d | ||
| 041 | _asin | ||
| 080 |
_aX8C31 _bARI |
||
| 100 | _aAriyarathna, D.M.S. | ||
| 245 | _aනිමුං කුරුල්ලා | ||
| 246 | _aNimun Kurulla | ||
| 260 |
_bAgahas Prakashana _aRajagiriya _c2017 |
||
| 300 | _a191p., 21cm | ||
| 942 | _cBK | ||
| 999 |
_c8127 _d8127 |
||
| 003 | LK-CoDNM | ||
| 040 |
_aLK-CoDNM _dLK-CoDNM _eLK-CoDNM |
||